| 000 | 01070nmm a2200301 a 4500 | ||
|---|---|---|---|
| 001 | ocm0001682873 | ||
| 003 | TR-IsHL | ||
| 005 | 20201028165411.0 | ||
| 008 | 171104s2017 tu tur | ||
| 007 | cr cn | ||
| 020 | _a9786052015360 | ||
| 035 |
_a1682873 _b(N$T) |
||
| 050 | 0 | 4 |
_aDR435.G43 _bK69 2017 |
| 090 | 0 | 4 |
_aDR435.G43 _bK69 2017 |
| 100 | 1 | _aKöylü, Murat | |
| 245 | 1 | 0 |
_aGeçmişten günümüze kürt siyasi hareketi _h[electronic resource] / _cMurat Köylü |
| 260 |
_aİstanbul : _bHiperlink Yayınları, _c2017 |
||
| 300 | _a501 p. | ||
| 500 |
_aKaynakça var. _x |
||
| 650 | 4 | _aPolitika ve Uluslararası İlişkiler | |
| 650 | 4 | _aPolitics and International Relations | |
| 650 | 0 |
_aKürtler _x Politika ve yönetim |
|
| 650 | 0 |
_aThe Kurds _x Politics and government |
|
| 650 | 0 |
_aKürtler _x Türkiye _x Tarih |
|
| 650 | 0 |
_aThe Kurds _x Turkey _x History |
|
| 650 | 7 |
_aHISTORY / Middle East / Turkey & Ottoman Empire _2bisacsh |
|
| 856 | 4 | 0 | _uhttp://search.ebscohost.com/login.aspx?direct=true&scope=site&db=e011xww&AN=1682873 |
| 999 |
_c15862 _d15862 |
||